<?xml version="1.0" encoding="UTF-8"?>
<collection xmlns:xsi="http://www.w3.org/2001/XMLSchema-instance" xsi:schemaLocation="http://www.loc.gov/MARC21/slim http://www.loc.gov/standards/marcxml/schema/MARC21slim.xsd" xmlns="http://www.loc.gov/MARC21/slim">
 <record>
  <leader>00000cmm a22000004i 4500</leader>
  <controlfield tag="001">UP-99796217613033886</controlfield>
  <controlfield tag="003">Buklod</controlfield>
  <controlfield tag="005">20190604120110.0</controlfield>
  <controlfield tag="006">m    go  j        </controlfield>
  <controlfield tag="007">ta</controlfield>
  <controlfield tag="008">190604s1782    xx     d        u        </controlfield>
  <datafield tag="035" ind1=" " ind2=" ">
   <subfield code="a">(iLib)UPD-00405465098</subfield>
  </datafield>
  <datafield tag="037" ind1=" " ind2=" ">
   <subfield code="a">Fi-565eb</subfield>
   <subfield code="b">Libtech/iG</subfield>
   <subfield code="c">2,446.08</subfield>
  </datafield>
  <datafield tag="040" ind1=" " ind2=" ">
   <subfield code="a">DMLF</subfield>
   <subfield code="e">rda</subfield>
  </datafield>
  <datafield tag="041" ind1=" " ind2=" ">
   <subfield code="a">fre</subfield>
  </datafield>
  <datafield tag="084" ind1=" " ind2=" ">
   <subfield code="a">DS 506</subfield>
   <subfield code="b">S7 1782eb</subfield>
  </datafield>
  <datafield tag="100" ind1="1" ind2=" ">
   <subfield code="a">Sonnerat, Pierre</subfield>
   <subfield code="d">1749-1814.</subfield>
   <subfield code="e">author.</subfield>
  </datafield>
  <datafield tag="245" ind1="0" ind2="0">
   <subfield code="a">Voyage aux Indes Orientales et a la Chine, fait par ordre du roi, depuis 1774 jusqu'en 1781. Dans lequel on traite des moeursm, de la religion, des sciences &amp; des arts des Indiens, de Chimois, des Pegouins &amp; des Madegasses; suivi d'observations sur le cap de Bonne-Esperance, les isles de France &amp; de Bourbon, les Maldives, Ceylan, Malacca, les Philippines &amp; les Moluques, &amp; de recherches sur l'histoire naturelle de ces pays</subfield>
   <subfield code="c">Par M. Sonnerat.</subfield>
  </datafield>
  <datafield tag="264" ind1=" " ind2="1">
   <subfield code="a">Paris</subfield>
   <subfield code="b">L'auteur</subfield>
   <subfield code="c">1782.</subfield>
  </datafield>
  <datafield tag="264" ind1=" " ind2="0">
   <subfield code="a">[Singapore</subfield>
   <subfield code="b">iGLibrary; Heritage Books of Asia]</subfield>
  </datafield>
  <datafield tag="300" ind1=" " ind2=" ">
   <subfield code="a">1 online resource (506 pages</subfield>
   <subfield code="b">illustrations)</subfield>
  </datafield>
  <datafield tag="336" ind1=" " ind2=" ">
   <subfield code="a">text</subfield>
   <subfield code="2">rdacontent</subfield>
  </datafield>
  <datafield tag="337" ind1=" " ind2=" ">
   <subfield code="a">computer</subfield>
   <subfield code="2">rdamedia</subfield>
  </datafield>
  <datafield tag="338" ind1=" " ind2=" ">
   <subfield code="a">online resource</subfield>
   <subfield code="2">rdacarrier</subfield>
  </datafield>
  <datafield tag="506" ind1=" " ind2=" ">
   <subfield code="a">IP-based subscription, on-campus and remote.</subfield>
   <subfield code="c">Access via Electronic Resource of the UPD University Library website.</subfield>
  </datafield>
  <datafield tag="506" ind1=" " ind2=" ">
   <subfield code="a">Checkout via IG Reader (mobile application)</subfield>
  </datafield>
  <datafield tag="533" ind1=" " ind2=" ">
   <subfield code="a">Electronic Reproduction.</subfield>
   <subfield code="n">Available via World Wide Web through IgLibrary.</subfield>
  </datafield>
  <datafield tag="650" ind1=" " ind2="0">
   <subfield code="a">Natural history</subfield>
   <subfield code="z">China.</subfield>
  </datafield>
  <datafield tag="650" ind1=" " ind2="0">
   <subfield code="a">Natural history</subfield>
   <subfield code="z">East Indies.</subfield>
  </datafield>
  <datafield tag="650" ind1=" " ind2="0">
   <subfield code="a">Electronic books.</subfield>
  </datafield>
  <datafield tag="651" ind1=" " ind2="0">
   <subfield code="a">China</subfield>
   <subfield code="x">Description and travel.</subfield>
  </datafield>
  <datafield tag="651" ind1=" " ind2="0">
   <subfield code="a">East Indies</subfield>
   <subfield code="x">Description and travel.</subfield>
  </datafield>
  <datafield tag="710" ind1="2" ind2=" ">
   <subfield code="a">iGLibrary (online resource).</subfield>
  </datafield>
  <datafield tag="856" ind1="4" ind2="0">
   <subfield code="a">Available for University of the Philippines System via iGLibrary. Click here for Access</subfield>
   <subfield code="u">http://portal.igpublish.com/iglibrary/search/ASIANB0000842.html</subfield>
  </datafield>
  <datafield tag="856" ind1="4" ind2="0">
   <subfield code="a">Remote Access via ezproxy</subfield>
   <subfield code="u">http://portal.igpublish.com.ezproxy.upd.edu.ph/iglibrary/search/ASIANB0000842.html</subfield>
   <subfield code="z">(viewed 04 June 2019)</subfield>
  </datafield>
  <datafield tag="905" ind1=" " ind2=" ">
   <subfield code="a">FI</subfield>
  </datafield>
  <datafield tag="852" ind1="0" ind2=" ">
   <subfield code="a">UPD</subfield>
   <subfield code="b">DMLF</subfield>
  </datafield>
  <datafield tag="942" ind1=" " ind2=" ">
   <subfield code="a">Electronic Resource</subfield>
  </datafield>
 </record>
</collection>
